Machines for moving the earth ,Part l,ll / (Record no. 3281)
[ view plain ]
| 000 -LEADER | |
|---|---|
| fixed length control field | 00512cam a2200193ua 4500 |
| 020 ## - INTERNATIONAL STANDARD BOOK NUMBER | |
| ISBN | 81 205 0038 5 |
| 041 ## - LANGUAGE CODE | |
| Language code of text/sound track or separate title | eng |
| 082 ## - DEWEY DECIMAL CLASSIFICATION NUMBER | |
| Classification number | 631.37 |
| Item number | ZEL/MA |
| 100 ## - MAIN ENTRY--AUTHOR NAME | |
| Personal name | Zelenin, A N . |
| 245 ## - TITLE STATEMENT | |
| Title | Machines for moving the earth ,Part l,ll / |
| 260 ## - PUBLICATION, DISTRIBUTION, ETC. (IMPRINT) | |
| Place of publication | New Delhi : |
| Name of publisher | Oxonian Press Pvt Ltd , |
| Year of publication | 1954. |
| 300 ## - PHYSICAL DESCRIPTION | |
| Number of Pages | 555 ; . |
| 700 1# - ADDED ENTRY--PERSONAL NAME | |
| Personal name | Balovoev, V I . |
| 700 1# - ADDED ENTRY--PERSONAL NAME | |
| Personal name | Kerov, . |
| 942 ## - ADDED ENTRY ELEMENTS (KOHA) | |
| Koha item type | Books |
| Withdrawn status | Lost status | Damaged status | Home library | Current library | Date acquired | Full call number | Accession Number | Koha item type |
|---|---|---|---|---|---|---|---|---|
| KAUAET | KAUAET | 19/08/1986 | 631.37 | 15360 | Books |
